书目信息 |
| 题名: |
定量化学分析
|
|
| 作者: | 李龙泉 , 朱玉瑞 , 金谷 编著 | |
| 分册: | ||
| 出版信息: | 合肥 中国科学技术大学出版社 2005.03 |
|
| 页数: | 304页 | |
| 开本: | 26cm | |
| 丛书名: | ||
| 单 册: | ||
| 中图分类: | O655 | |
| 科图分类: | ||
| 主题词: | 定量分析--研究生--入学考试--升学参考资料 | |
| 电子资源: | ||
| ISBN: | 7-312-01771-1 | |
| 000 | 00970nam0 2200301 450 | |
| 001 | 010270482421 | |
| 005 | 20050915152607.79 | |
| 010 | @a7-312-01771-1@dCNY26.00 | |
| 100 | @a20050615d2005 km y0chiy0120 ea | |
| 101 | 0 | @achi |
| 102 | @aCN@b340000 | |
| 105 | @aa a 000yy | |
| 200 | 1 | @a定量化学分析@Ading liang hua xue fen xi@f李龙泉 … [等] 编著@Fli long quan…[deng]bian zhu |
| 205 | @a第2版 | |
| 210 | @a合肥@c中国科学技术大学出版社@d2005.03 | |
| 215 | @a304页@c图@d26cm | |
| 300 | @a中国科学院指定考研参考书 | |
| 304 | @a题名页题: 李龙泉, 朱玉瑞, 金谷, 江万权, 邵利民编著。 | |
| 320 | @a有书目 (第302页)。 | |
| 330 | @a本书是研究生入学考试定量化学分析自学参考资料。 | |
| 333 | @a考研读者。 | |
| 606 | 0 | @a定量分析@x研究生@x入学考试@j升学参考资料 |
| 690 | @aO655@v4 | |
| 701 | 0 | @a李龙泉@Ali long quan@4编著 |
| 701 | 0 | @a朱玉瑞@Azhu yu rui@4编著 |
| 701 | 0 | @a金谷@Ajin gu@4编著 |
| 801 | 0 | @aCN@bQSSK@c20050915 |
| 905 | @a10447@dO655@eL205 | |
| 定量化学分析/李龙泉 … [等] 编著.-第2版.-合肥:中国科学技术大学出版社,2005.03 |
| 304页:图;26cm |
| 中国科学院指定考研参考书.-使用对象:考研读者。 |
| ISBN 7-312-01771-1:CNY26.00 |
| 本书是研究生入学考试定量化学分析自学参考资料。 |
| ● |
| 相关链接 |
|
|
|
正题名:定量化学分析
索取号:O655/L205
 
预约/预借
| 序号 | 登录号 | 条形码 | 馆藏地/架位号 | 状态 | 备注 |
| 1 | 565042 | 205650428 | 材料与化工学院资料室/ [索取号:O655/L205] | 在馆 | |
| 2 | 565043 | 205650437 | 自科库401/401自科库 65排7列4层/ [索取号:O655/L205] | 在馆 | |
| 3 | 565044 | 205650446 | 自科库401/401自科库 65排7列4层/ [索取号:O655/L205] | 在馆 |